| 000 | 00577nam a2200217 a 4500 | ||
|---|---|---|---|
| 001 | 69236 | ||
| 003 | BD-RjUL | ||
| 005 | 20211209081849.0 | ||
| 008 | 170410s1952 en a|||| |||| 001 0 eng d | ||
| 035 | _a(BD-RjUL)69447 | ||
| 040 |
_aBD-RjUL _beng _cBD-RjUL |
||
| 041 | _aeng | ||
| 082 |
_223 _a531 _bJAT 1952 |
||
| 100 |
_aJagger, J. G. _9205122 |
||
| 245 |
_aA textbook of Mechanics / _cJ. G. Jagger. |
||
| 260 |
_aLondon : _bBlackie & son, _c1952 |
||
| 300 |
_axx, 826 p. : _bill. ; _c24 cm. |
||
| 500 | _aIncludes Indexes | ||
| 650 |
_aMechanics _9205123 |
||
| 942 |
_2ddc _cBK |
||
| 999 |
_c69236 _d69236 |
||